Estatísticas para Cultura Geral

Clique aqui para jogar o quiz

Estatísticas Gerais

  • Esse quiz foi jogado 10 vezes
  • A pontuação média é 7 de 15

Estatísticas das Respostas

HintResposta% Correto
Que nome damos ao ramo das forças armadas especializado em combate naval?Marinha
88%
Que nome damos á forma de fixação de uma corda ou cabo por amarração ou entrelaçamento?
88%
Em que país podemos encontrar a sede da marca Calvin Klein?Estados Unidos
75%
Que nome damos á perda de ritmo e concentração ao se passar por fusos horários diferentes em pouco tempo?Jet lag
63%
Que nome damos a um conjunto de reações a uma perda significativa, geralmente pela morte de outro ser?Luto
63%
Em que estado dos EUA podemos encontrar a sede da empresa NBC?Nova Iorque
63%
Que nome damos á ausência total ou relativa de sons audíveis?Silêncio
63%
Que nome damos a um compromisso mútuo legal celebrado voluntariamente entre duas ou mais partes?Contrato
50%
Que nome damos ao ato de reparar dano causado a outro por meio de um pagamento?Indenização
25%
Que área do conhecimento trata do comportamento sexual?Sexologia
25%
Em que país podemos encontrar a sede da empresa Omega?Suíça
25%
Que nome damos a um esquema ilícito ou de má fé criado para obter ganhos pessoais?Fraude
13%
Que nome damos ao ato pelo qual o sujeito observa os conteúdos de seus próprios estados mentais, tomando consciência deles?Introspecção
13%
Que nome damos ao conjunto de atributos, comportamentos e papéis geralmente associados a meninos e homens?Masculinidade
13%
Que nome damos ao comportamento de um homem com estereótipos considerados femininos?Eliminação
0%

Distribuição das Pontuações

Percentil de Números Respondidos

Porcentagem de Pessoas com Cada Pontuação

Sua Pontuação Histórica

Você não jogou esse quiz